I, human (Record no. 4736)

MARC details
000 -CABECERA
campo de control de longitud fija 02764cam a2200361 i 4500
001 - NÚMERO DE CONTROL
campo de control 10446464
003 - IDENTIFICADOR DEL NÚMERO DE CONTROL
campo de control CaAEU
005 - FECHA Y HORA DE LA ÚLTIMA TRANSACCIÓN
campo de control 20260511174551.0
008 - DATOS DE LONGITUD FIJA--INFORMACIÓN GENERAL
campo de control de longitud fija 220815s2023 mau b 001 0 eng
010 ## - NÚMERO DE CONTROL DE LA BIBLIOTECA DEL CONGRESO
Número de control de LC 2022034376
015 ## - NÚMERO DE BIBLIOGRAFÍA NACIONAL
Número de bibliografía nacional GBC2M3556
Fuente bnb
020 ## - NÚMERO INTERNACIONAL ESTÁNDAR DEL LIBRO
Número Internacional Estándar del Libro 9781647820558
Información calificativa hardcover
035 ## - NÚMERO DE CONTROL DEL SISTEMA
Número de control de sistema on1261362961
040 ## - FUENTE DE LA CATALOGACIÓN
Centro catalogador/agencia de origen MH/DLC
Lengua de catalogación eng
Normas de descripción rda
Centro/agencia transcriptor DLC
Centro/agencia modificador OCLCF
-- VIA
-- JQM
-- JQW
-- YDX
-- UKMGB
-- JCX
-- YUS
-- FHP
-- CQC
-- OCLCO
-- BECOE
-- OCLCL
-- ARDC
041 ## - CÓDIGO DE LENGUA
Código de lengua del texto/banda sonora o título independiente eng
042 ## - CÓDIGO DE AUTENTICACIÓN
Código de autenticación pcc
050 00 - SIGNATURA TOPOGRÁFICA DE LA BIBLIOTECA DEL CONGRESO
Número de clasificación CB478
Número de documento/Ítem .C4936 2023
100 ## - ENTRADA PRINCIPAL--NOMBRE DE PERSONA
Nombre de persona Chamorro-Premuzic, Tomas,
Término indicativo de función/relación author.
9 (RLIN) 11091
245 10 - MENCIÓN DE TÍTULO
Título I, human
Resto del título : AI, automation, and the quest to reclaim what makes us unique
Mención de responsabilidad, etc. / Tomas Chamorro-Premuzic.
246 3# - FORMA VARIANTE DE TÍTULO
Título propio/Titulo breve I, human
Resto del título : artificial intelligence, automation, and the quest to reclaim what makes us unique
264 #1 - PRODUCCIÓN, PUBLICACIÓN, DISTRIBUCIÓN, FABRICACIÓN Y COPYRIGHT
Producción, publicación, distribución, fabricación y copyright Boston, Massachusetts :
Nombre del de productor, editor, distribuidor, fabricante Harvard Business Review Press,
Fecha de producción, publicación, distribución, fabricación o copyright [2023]
300 ## - DESCRIPCIÓN FÍSICA
Extensión 188 pages ;
Dimensiones 25 cm
504 ## - NOTA DE BIBLIOGRAFÍA, ETC.
Nota de bibliografía, etc. Includes bibliographical references (pages 159-173) and index.
505 0# - NOTA DE CONTENIDO CON FORMATO
Nota de contenido con formato Being in the AI age —<br/>Weapons of Mass Distraction —<br/>The End of Patience —<br/>Taming Bias —<br/>Digital Narcissism —<br/>The Rise of Predictable Machines —<br/>Automating Curiosity —<br/>How to Be Human.
520 ## - SUMARIO, ETC.
Sumario, etc. "It's no secret that AI is changing the way we live, work, love, and entertain ourselves. Dating apps are using AI to pick our potential partners. Retailers are using AI to predict our behavior and desires. Rogue actors are using AI to persuade us with Twitter bots and fake news. Companies are using AI to hire us-or not. This is just the beginning. As AI becomes smarter and more humanlike, our societies, our economies, and our humanity will undergo the most dramatic changes we've seen since the Agricultural Revolution. Some of these changes will enhance our species. Others may dehumanize us and make us more machinelike in our interactions with others. It's up to us to adapt and determine how we want to live and work. Are you ready? In I, Human psychologist Tomas Chamorro-Premuzic offers a guide for reclaiming ourselves in a world in which most of our decisions will be made for us. To do so, we'll need to double down on what makes us so special-our curiosity, adaptability, and emotional intelligence-while relying on the lost virtues of empathy, humility, and self-control. Filled with big-think fascinations and practical wisdom, I, Human is the book we need to thrive in the future"--
Fuente proveedora Provided by publisher.
650 #0 - PUNTO DE ACCESO ADICIONAL DE MATERIA--TÉRMINO DE MATERIA
Término de materia o nombre geográfico como elemento de entrada Technology and civilization
9 (RLIN) 10848
650 #0 - PUNTO DE ACCESO ADICIONAL DE MATERIA--TÉRMINO DE MATERIA
Término de materia o nombre geográfico como elemento de entrada Information technology
Subdivisión general Social aspects
9 (RLIN) 7710
650 #0 - PUNTO DE ACCESO ADICIONAL DE MATERIA--TÉRMINO DE MATERIA
Término de materia o nombre geográfico como elemento de entrada Artificial Intelligence
9 (RLIN) 14147
650 #0 - PUNTO DE ACCESO ADICIONAL DE MATERIA--TÉRMINO DE MATERIA
Término de materia o nombre geográfico como elemento de entrada Human beings
Subdivisión general Effect of technological innovations on.
650 #0 - PUNTO DE ACCESO ADICIONAL DE MATERIA--TÉRMINO DE MATERIA
Término de materia o nombre geográfico como elemento de entrada Humanity.
9 (RLIN) 25428
650 #0 - PUNTO DE ACCESO ADICIONAL DE MATERIA--TÉRMINO DE MATERIA
Término de materia o nombre geográfico como elemento de entrada Emotional intelligence
9 (RLIN) 5274
942 ## - ELEMENTOS DE ENTRADA AGREGADA (KOHA)
Fuente del sistema de clasificación o colocación Clasificación de Library of Congress
Holdings
Estado de retiro Estado de pérdida Fuente del sistema de clasificación o colocación Estado dañado No para préstamo Biblioteca de origen Biblioteca actual Fecha de adquisición Total de préstamos Signatura topográfica completa Código de barras Fecha visto por última vez Número de copia Precio válido a partir de Tipo de ítem Koha
    Clasificación de Library of Congress     TBS Barcelona TBS Barcelona 13/06/2025   CB478 CHA B07554 13/06/2025 1 13/06/2025 Book

Powered by Koha